000
00357nam a2200145Ia 4500
008
151213s9999 xx 000 0 und d
100
_a
Jodunath Sarkar
245
_a
The history of Bengal
_c
Jodunath Sarkar
260
_a
Dhaka
_b
University of Dhaka
300
_a
984 p.
650
_a
History
650
_a
History
700
_a
Jodunath Sarkar
999
_c
994
_d
994